Análisis económico regional : (Registro nro. 5310)

Detalles MARC
000 -LEADER
fixed length control field 01389nam a2200313Ia 4500
003 - CONTROL NUMBER IDENTIFIER
control field OSt
005 - DATE AND TIME OF LATEST TRANSACTION
control field 20200515223527.0
008 - FIXED-LENGTH DATA ELEMENTS--GENERAL INFORMATION
fixed length control field 191128s1995 sp ad gr 001 0 spa d
020 ## - INTERNATIONAL STANDARD BOOK NUMBER
International Standard Book Number 8485855760
040 ## - CATALOGING SOURCE
Original cataloging agency CO-JMCR
Transcribing agency CO-JMCR
041 0# - LANGUAGE CODE
Language code of text/sound track or separate title spa
082 04 - DEWEY DECIMAL CLASSIFICATION NUMBER
Classification number 330 /
Item number S961a
Edition number 23
100 1# - MAIN ENTRY--PERSONAL NAME
Personal name Suriñach Caralt, Jordi,
Relator term autor
9 (RLIN) 4439
245 10 - TITLE STATEMENT
Title Análisis económico regional :
Remainder of title nociones básicas de la teoría de la conintegración /
Statement of responsibility, etc. Jordi Suriñach Caralt, Manuel Artís Ortuño, Enrique López Bazo y Andreu Sansó Rosselló
250 ## - EDITION STATEMENT
Edition statement Primera edición
260 ## - PUBLICATION, DISTRIBUTION, ETC.
Place of publication, distribution, etc. Barcelona :
Name of publisher, distributor, etc. Antoni Bosch editor : Fundació Bosch i Gimpera,
Date of publication, distribution, etc. 1995
300 ## - PHYSICAL DESCRIPTION
Extent 181 páginas :
Other physical details gráficos a blanco y negro ;
Dimensions 21 cm.
500 ## - GENERAL NOTE
General note Incluye índice analítico.
504 ## - BIBLIOGRAPHY, ETC. NOTE
Bibliography, etc. note Bibliografía: páginas 167-181
505 0# - FORMATTED CONTENTS NOTE
Formatted contents note Estacionariedad e integrabilidad -- Cointegración -- Integrabilidad y cointegración en datos estacionales -- Aplicación de la cointegración al análisis de la convergencia entre magnitudes económicas regionales
650 14 - SUBJECT ADDED ENTRY--TOPICAL TERM
Topical term or geographic name entry element Economía regional
9 (RLIN) 3020
650 14 - SUBJECT ADDED ENTRY--TOPICAL TERM
Topical term or geographic name entry element Planificación regional
9 (RLIN) 4440
650 14 - SUBJECT ADDED ENTRY--TOPICAL TERM
Topical term or geographic name entry element Análisis económico
9 (RLIN) 1810
650 14 - SUBJECT ADDED ENTRY--TOPICAL TERM
Topical term or geographic name entry element Cointegración
9 (RLIN) 4441
700 1# - ADDED ENTRY--PERSONAL NAME
Personal name Artís Ortuño, Manuel,
Relator term autor
9 (RLIN) 4442
700 1# - ADDED ENTRY--PERSONAL NAME
Personal name López Bazo, Enrique,
Relator term autor
9 (RLIN) 4443
700 1# - ADDED ENTRY--PERSONAL NAME
Personal name Sansó Rosselló, Andreu,
Relator term autor
9 (RLIN) 4444
942 ## - ADDED ENTRY ELEMENTS (KOHA)
Source of classification or shelving scheme Dewey Decimal Classification
Koha item type Books
Existencias
Withdrawn status Lost status Source of classification or shelving scheme Damaged status Not for loan Collection code Home library Current library Date acquired Source of acquisition Cost, normal purchase price Total Checkouts Full call number Barcode Date last seen Copy number Koha item type
    Dewey Decimal Classification     Non-fiction Biblioteca Pública José María del Castillo y Rada Biblioteca Pública José María del Castillo y Rada 04/15/2018 Donación 0.00   330 / S961a 430001695 05/16/2024 Ej.1 Books